Engineering Mechanics (Record no. 1732)

MARC details
000 -LEADER
fixed length control field 00457nam a2200169Ia 4500
008 - FIXED-LENGTH DATA ELEMENTS--GENERAL INFORMATION
fixed length control field 221030s9999 xx 000 0 und d
020 ## - INTERNATIONAL STANDARD BOOK NUMBER
ISBN 8122406173
041 ## - LANGUAGE CODE
Language code of text/sound track or separate title
082 ## - DEWEY DECIMAL CLASSIFICATION NUMBER
Classification number 105.23
Item number Bha
100 ## - MAIN ENTRY--AUTHOR NAME
Personal name S. S. Bhavikatti
245 #0 - TITLE STATEMENT
Title Engineering Mechanics
Statement of responsibility, etc by S. S. Bhavikatti, K. G. Rajashekarappa
260 ## - PUBLICATION, DISTRIBUTION, ETC. (IMPRINT)
Name of publisher New Age Interantional
Place of publication New Delhi
Year of publication 1999
300 ## - PHYSICAL DESCRIPTION
Number of Pages 537
650 ## - SUBJECT ADDED ENTRY--TOPICAL TERM
Topical Term Mechanical
700 ## - ADDED ENTRY--PERSONAL NAME
Personal name K. G. Rajashekarappa
942 ## - ADDED ENTRY ELEMENTS (KOHA)
Koha item type Books
Holdings
Accession Number Cost, normal purchase price Full call number Price effective from Koha item type Withdrawn / writtenoff status Materials specified (bound volume or other part) Damaged status Not for loan Permanent Location Current Location Shelving location Date acquired Lost/ Missing status department
BE 573 210.00 105.23 Bha 10/30/2022 Books   Print     MIET Library, Jammu MIET Library, Jammu BL-Academic Block- A, FL-1, CUP-5, SH-4, R-4 11/26/1999   BE
BE 572 537.00 105.23 Bha 10/30/2022 Books   Print     MIET Library, Jammu MIET Library, Jammu BL-Academic Block- A, FL-1, CUP-5, SH-4, R-4 11/26/1999   BE
BE 574 210.00 105.23 Bha 10/30/2022 Books   Print   Not For Loan MIET Library, Jammu MIET Library, Jammu BL-Second, FL-1, CUP-1, SH-2, R-2 09/28/2005   BE